| 000 | 00495cab a2200205 4500 | ||
|---|---|---|---|
| 001 | A571 | ||
| 008 | 090401t1991 xxu||||| |||| 00| 0 eng d | ||
| 035 | _a(Sirsi) u29927 | ||
| 041 | _aeng | ||
| 100 | _aButcher, R.A. | ||
| 245 | _aVarnish | ||
| 260 | _c1991 | ||
| 350 | _a0 | ||
| 490 |
_aStructural Survey _v10(2) October 1991, 137-143(7) |
||
| 650 | _aPROTECTIVE COATINGS | ||
| 650 | _aVARNISHES | ||
| 690 | _aBUILT ENVIRONMENT-BUILDING MATERIALS | ||
| 942 | _n0 | ||
| 948 | _c04/03/1997 | ||
| 999 |
_c20132 _d20132 |
||